[Event "AUTO-OPEN-1821"]
[Site "http://www.queenalice.com/game.php?id=808662"]
[Date "2010.7.25"]
[Round "2"]
[White "joaoreis001"]
[Black "mardlucca"]
[Result "0-1"]
[WhiteElo "1702"]
[BlackElo "1907"]

1. e4 e6 2. d4 d5 3. e5 c5 4. b3 cxd4 5. Qxd4 Nc6 6. Bb5 a6 7. Bxc6+ bxc6 8. Nf3
Ne7 9. Bg5 h6 10. Bd2 Nf5 11. Qc3 Qb6 12. a3 Bc5 13. O-O Nd4 14. Qd3 a5 15. a4
Ba6 16. c4 Nxf3+ 17. gxf3 Rb8 18. Be3 d4 19. Bf4 Qxb3 20. Ra3 Qxd3 21. Rxd3 Bxc4
22. Rdd1 Bxf1 23. Kxf1 Rb4 24. Rc1 Bb6 25. Nd2 d3 26. Rxc6 Kd7 27. Rd6+ Kc7 28.
Rxd3 Rxf4 29. Kg2 Rc8 30. Kg3 Rxa4 31. Ne4 Rd4 32. Rc3+ Kd7 33. Rb3 Rc6 34. h4
a4 35. Ra3 Bc5 36. Rc3 Rxe4 37. fxe4 Bxf2+ 38. Kxf2 Rxc3 39. Ke2 a3 40. Kd2 Rc5
41. Kd3 a2 42. Kd4 a1=Q+ 43. Kxc5 Qc3+ 44. Kb5 h5 45. Kb6 Qb4+ 46. Ka6 Kc7 47.
Ka7 Qa3# 0-1

[Event "AUTO-ADV-1877"]
[Site "http://www.queenalice.com/game.php?id=822468"]
[Date "2010.8.24"]
[Round "1"]
[White "mardlucca"]
[Black "Santista38"]
[Result "1-0"]
[WhiteElo "1914"]
[BlackElo "1938"]

1. c4 d5 2. d4 dxc4 3. Nf3 Bf5 4. Nc3 e6 5. a3 c6 6. e4 Bg4 7. Bxc4 Bxf3 8. gxf3
Nf6 9. Rg1 Nbd7 10. Bg5 Be7 11. Qd2 O-O 12. e5 Nd5 13. Bxe7 Qxe7 14. Ne4 Qh4 15.
O-O-O Qxh2 16. Bxd5 cxd5 17. Qg5 g6 18. Rh1 h6 19. Qg4 h5 20. Qg5 1-0

[Event "AUTO-ADV-1877"]
[Site "http://www.queenalice.com/game.php?id=822469"]
[Date "2010.8.24"]
[Round "1"]
[White "Santista38"]
[Black "mardlucca"]
[Result "0-1"]
[WhiteElo "1967"]
[BlackElo "1895"]

1. d4 Nf6 2. Bf4 d6 3. Nc3 Nc6 4. e3 g6 5. Be2 Bg7 6. Nf3 O-O 7. O-O Nh5 8. Bg3
Nxg3 9. fxg3 e6 10. Bb5 a6 11. Bxc6 bxc6 12. Qd3 a5 13. Rf2 Ba6 14. Qd2 Qb8 15.
Rb1 Qa7 16. Ne4 Rab8 17. Qxa5 Rb5 18. Neg5 Rxa5 0-1

[Event "AUTO-ADV-1877"]
[Site "http://www.queenalice.com/game.php?id=822470"]
[Date "2010.8.24"]
[Round "1"]
[White "mardlucca"]
[Black "li2carpio"]
[Result "1-0"]
[WhiteElo "1885"]
[BlackElo "1611"]

1. c4 c5 2. Nc3 Nc6 3. Nf3 d6 4. d4 cxd4 5. Nxd4 Bd7 6. e3 Nf6 7. Be2 e6 8. O-O
Be7 9. b3 O-O 10. Bb2 a6 11. Qc2 h6 12. Rad1 Rc8 13. Ne4 d5 14. Nd2 e5 15. Nxc6
bxc6 16. Bxe5 Be6 17. c5 Nd7 18. Bd4 Qa5 19. b4 1-0

[Event "AUTO-ADV-1877"]
[Site "http://www.queenalice.com/game.php?id=822471"]
[Date "2010.8.24"]
[Round "1"]
[White "li2carpio"]
[Black "mardlucca"]
[Result "0-1"]
[WhiteElo "1606"]
[BlackElo "1890"]

1. e4 e6 2. d4 d5 3. e5 c5 4. Nf3 Nc6 5. Bb5 a6 6. Be2 cxd4 7. Nxd4 Nxe5 8. O-O
Bd6 9. Nc3 Qc7 10. h3 Nf6 11. Be3 O-O 12. Nf3 Rd8 13. Bd4 Ned7 14. Bxf6 Nxf6 15.
Nd4 e5 16. Nf3 Bd7 17. a3 Bc5 18. Nxd5 Nxd5 0-1

[Event "AUTO-ADV-1877"]
[Site "http://www.queenalice.com/game.php?id=822472"]
[Date "2010.8.24"]
[Round "1"]
[White "mardlucca"]
[Black "stoyan1"]
[Result "0-1"]
[WhiteElo "1915"]
[BlackElo "1928"]

1. d4 e6 2. c4 c5 3. d5 d6 4. Nc3 g6 5. e4 Bg7 6. Nf3 Na6 7. Bd2 e5 8. Be2 Nc7
9. O-O h6 10. Rb1 Bg4 11. b4 b6 12. bxc5 dxc5 13. Na4 Bxf3 14. Bxf3 Qd6 15. Nb2
Ne7 16. Nd3 f5 17. Bc3 O-O 18. Re1 fxe4 19. Rxe4 Rf5 20. Bg4 Rf7 21. Bxe5 Bxe5
22. Nxe5 Rf6 23. Qd2 Kg7 24. Rb3 Raf8 25. Rh3 g5 26. Bf3 Rf4 27. Qc3 Kh7 28. Qd3
Kg7 29. Ng4 Nf5 30. Rxf4 Qxf4 31. g3 Qc1+ 0-1

[Event "AUTO-ADV-1877"]
[Site "http://www.queenalice.com/game.php?id=822473"]
[Date "2010.8.24"]
[Round "1"]
[White "stoyan1"]
[Black "mardlucca"]
[Result "1-0"]
[WhiteElo "1943"]
[BlackElo "1900"]

1. e4 e6 2. c4 d5 3. e5 c5 4. cxd5 Qxd5 5. Nf3 Nc6 6. Nc3 Qd7 7. Bb5 a6 8. Bxc6
Qxc6 9. d4 Ne7 10. dxc5 Qxc5 11. Be3 Qc7 12. O-O Nf5 13. Bf4 Bd7 14. Nd4 Nxd4
15. Qxd4 Bc5 16. Qd3 Rd8 17. Rac1 Bc6 18. Qg3 O-O 19. Bh6 f5 20. Bf4 Kh8 21. Nd1
Bb5 22. Re1 Rd3 23. Ne3 Rfd8 24. Qh4 Rd2 25. Rc2 R8d4 26. g3 Qb6 27. Rxd2 Rxd2
28. Rd1 Rxd1+ 29. Nxd1 h6 30. Be3 Kh7 31. g4 Be2 32. Bxc5 1-0

[Event "AUTO-OPEN-1843"]
[Site "http://www.queenalice.com/game.php?id=822513"]
[Date "2010.8.24"]
[Round "2"]
[White "mardlucca"]
[Black "cunha"]
[Result "0-1"]
[WhiteElo "1887"]
[BlackElo "2784"]

1. e4 c5 2. Nf3 d6 3. d4 cxd4 4. Nxd4 Nf6 5. Nc3 a6 6. Bg5 e6 7. f4 Be7 8. Be2
Qb6 9. Nb3 h6 10. Bh4 Nxe4 11. Nxe4 Bxh4+ 12. g3 Be7 13. Qd3 d5 14. Nc3 Nc6 15.
O-O-O O-O 16. g4 Qc7 17. Rdf1 b5 18. h4 Bb7 19. g5 d4 20. Ne4 Nb4 0-1

[Event "AUTO-OPEN-1843"]
[Site "http://www.queenalice.com/game.php?id=822514"]
[Date "2010.8.24"]
[Round "2"]
[White "cunha"]
[Black "mardlucca"]
[Result "1-0"]
[WhiteElo "2787"]
[BlackElo "1882"]

1. e4 e6 2. d4 d5 3. Nc3 Nf6 4. Bg5 Be7 5. e5 Nfd7 6. Bxe7 Qxe7 7. f4 O-O 8. Nf3
b6 9. Bd3 Ba6 10. Bxh7+ Kxh7 11. Ng5+ Kg6 12. Qg4 f5 13. Qg3 Rh8 14. Nxe6+ Kf7
15. Nxc7 Nxe5 16. fxe5 1-0

[Event "AUTO-OPEN-1843"]
[Site "http://www.queenalice.com/game.php?id=822515"]
[Date "2010.8.24"]
[Round "2"]
[White "mardlucca"]
[Black "cristal_negro"]
[Result "0-1"]
[WhiteElo "1931"]
[BlackElo "1725"]

1. e4 e5 2. Nf3 d6 3. d4 Nc6 4. Bb5 Bg4 5. dxe5 Qd7 6. exd6 Bxd6 7. Nc3 Nf6 8.
O-O a6 9. Be2 O-O 10. Bg5 Qe6 11. Bxf6 Qxf6 12. Nd5 Qxb2 13. Qd3 Ne5 14. Nxe5
Bxe2 15. Qxe2 Bxe5 16. Rfb1 Qd4 17. Rxb7 Qxa1+ 0-1

[Event "AUTO-OPEN-1843"]
[Site "http://www.queenalice.com/game.php?id=822516"]
[Date "2010.8.24"]
[Round "2"]
[White "cristal_negro"]
[Black "mardlucca"]
[Result "1-0"]
[WhiteElo "1743"]
[BlackElo "1805"]

1. e4 e6 2. d4 d5 3. Nc3 Bb4 4. e5 c5 5. Nf3 Nc6 6. Bb5 a6 7. Bxc6+ bxc6 8. O-O
Qc7 9. a3 Ba5 10. Na4 cxd4 11. Qxd4 Bd7 12. Be3 Ne7 13. b4 Nf5 14. Qf4 Nxe3 15.
fxe3 Bb6 16. Nxb6 Qxb6 17. Ng5 O-O 18. c3 Rac8 19. h4 f5 20. Rfe1 c5 21. Rab1 c4
22. Rf1 Be8 23. Kh1 Bh5 24. a4 Be2 25. Rfe1 Bd3 26. a5 Qb7 27. Rb2 1-0

[Event "AUTO-ADV-1896"]
[Site "http://www.queenalice.com/game.php?id=830544"]
[Date "2010.9.9"]
[Round "1"]
[White "mardlucca"]
[Black "nenem"]
[Result "0-1"]
[WhiteElo "1847"]
[BlackElo "1931"]

1. e4 e5 2. Nf3 Nf6 3. d3 Bc5 4. Nxe5 Nc6 5. Nf3 O-O 6. Be3 Bxe3 7. fxe3 Re8 8.
Be2 d6 9. O-O d5 10. exd5 Nxd5 11. Qd2 Nxe3 0-1

[Event "AUTO-ADV-1896"]
[Site "http://www.queenalice.com/game.php?id=830545"]
[Date "2010.9.9"]
[Round "1"]
[White "nenem"]
[Black "mardlucca"]
[Result "1-0"]
[WhiteElo "1917"]
[BlackElo "1861"]

1. d4 Nf6 2. Bg5 e6 3. e3 Be7 4. Bd3 Nc6 5. Nf3 O-O 6. O-O Nb4 7. Bxf6 Bxf6 8.
Nc3 d5 9. a3 Nxd3 10. cxd3 Bd7 11. b4 1-0

[Event "AUTO-ADV-1896"]
[Site "http://www.queenalice.com/game.php?id=830548"]
[Date "2010.9.9"]
[Round "1"]
[White "mardlucca"]
[Black "colombHouse"]
[Result "0-1"]
[WhiteElo "1886"]
[BlackElo "2151"]

1. e4 c5 2. Nf3 Nc6 3. d4 cxd4 4. Nxd4 g6 5. Nc3 Bg7 6. Be3 Nf6 7. Be2 O-O 8.
O-O d5 9. exd5 Nb4 10. Qd2 Nbxd5 11. Rad1 Nxe3 12. Qxe3 Qb6 13. Na4 Qb4 14. b3
Bd7 15. c3 Qa5 16. Qxe7 Rae8 17. Qc5 Re5 18. Qxa5 Rxa5 19. Rb1 Ne4 20. Rfc1 Rc8
0-1

[Event "AUTO-ADV-1896"]
[Site "http://www.queenalice.com/game.php?id=830549"]
[Date "2010.9.9"]
[Round "1"]
[White "colombHouse"]
[Black "mardlucca"]
[Result "1-0"]
[WhiteElo "2155"]
[BlackElo "1881"]

1. d4 Nf6 2. g3 g6 3. c4 Bg7 4. Bg2 c6 5. Nf3 O-O 6. O-O d5 7. Na3 Nbd7 8. cxd5
cxd5 9. Nb5 a6 10. Nc3 e6 11. Bf4 Nh5 12. Bd6 Re8 13. Rc1 Qb6 14. Ba3 Rb8 15. e4
dxe4 16. Nxe4 Nhf6 17. Nd6 Rd8 18. Ng5 Bf8 19. Ngxf7 Bxd6 20. Nxd6 Nf8 21. Qf3
1-0